| 000 | 00698nam a2200229 a 4500 | ||
|---|---|---|---|
| 001 | BRCA_6107 | ||
| 005 | 20190320205333.0 | ||
| 008 | 270611s1922----gw-#######---#000-0#ger-# | ||
| 041 | _ager | ||
| 044 | _agw | ||
| 050 | 4 |
_aPT2623 .U31 _b.E6 1922 |
|
| 100 | 1 |
_aLudwig, Emil _d1881-1948 _915431 |
|
| 245 | 1 | 0 |
_aDie Entlassung _bein stück Geschichte in drei Akten _cvon Emil Ludwig. |
| 260 |
_aPostdam, Alemania _bG. Kiepenheuer _c1922 |
||
| 300 |
_a65 p. _c18 cm. |
||
| 500 | _aK9 | ||
| 600 | 1 | 4 |
_aBismarck, Otto _cFurst von _d1815-1898 _vDrama. _915432 |
| 650 | 1 | 4 |
_aLiteratura Alemana _96160 |
| 651 | 4 |
_aAlemania _xHistoria _yGuillermo II, 1888-1918 _zDrama _915433 |
|
| 902 | _aGFM | ||
| 942 |
_2lcc _cB |
||
| 999 |
_c5794 _d5794 |
||